1264 1172 1553 1216 1781 1514 1480 1275 1630 1557 1555 1022 1672 1868 1486 1294 1977 1758 1884 1333 1662 1214 1923 1688 1359 1010 1353 1590 1253 1572 1517 1489 1333 1022 1221 1880 1202 1024 1584 1678 1956 1857 1721 1334 1903 1713 1773 1915 1449 1322 1293 1553 1296 1621 1288 1823 1987 1553 1125 1681 1794 1449 1596 1672 1300 1716 1196 1088 1845 1373 1007 1377 1876 1701 1819 1028 1776 1178 1841 1417 1845 1734 1401 1533 1531 1380 1102 1532 1689 1978 1615 1118 1484 1763 1147 1465 1313 1031 1021 BCNSPRNW ULIB Ver.6.0+V

เปลี่ยนเป็นภาษาไทย

Change to English
 แสดงรายละเอียดบรรณานุกรม
  กลับหน้าหลัก

Brief Record : Get Marc (ISO 2709) : E-mail record : QR code < ปิดหน้าต่าง
LEADER : 00000nam 2200000uu 4500
001    13399112665
003     ULIB
008    110830s2552||||th 000 0 tha d
020    9789740323808
050 04 JQ1741^bศ799ค 2552
100 0  อรพรรณ พนัสพัฒนา
245 00 คู่มือกฎหมายประชาชน /^cอรพรรณ พนัสพัฒนา บรรณาธิการ
250    พิมพ์ครั้งที่ 2
260    กรุงเทพฯ :^bสำนักพิมพ์แห่งจุฬาลงกรณ์มหาวิทยาลัย,^c2552
300    61 หน้า
650  7 กฎหมาย^zไทย
650  7 กฎหมาย^xรวมเรื่อง
945    ^p40^l0^i026981
945    ^p40^l0^i026982
945    ^p40^l0^i026983
995    ทศพร
999 ^a ทศพร
รายการนี้ยังไม่มีแท็ก
คุณยังไม่ได้ล็อกอิน คุณสามารถมีกิจกรรมร่วมกับเว็บไซต์ได้ แต่ต้องล็อกอินก่อน ::
  ล็อกอิน

รายการสื่อสารสนเทศ

ลำดับที่ ประเภท เลขเรียก/บาร์โค้ด สถานที่ สถานะ
- ไม่พบข้อมูล -

รายการใกล้เคียง
    ผู้แต่ง [อรพรรณ พนัสพัฒนา]

BibComment


ยังไม่เคยถูกคอมเมนท์

คอมเมนท์ทรัพยากรรายการนี้
  คอมเมนท์: คู่มือกฎหมายประชา..


 Copyright 2026. Bcnsprnw @Library